Statistics for If Walls Could Talk - 5 Seconds of Summer (All Lyrics)

Click here to take the quiz!

General Stats

  • This quiz has been taken 319 times
  • The average score is 282 of 309

Answer Stats

IWCT% Correct
a
100%
I
100%
Chorus | Post-ChorusIf
99%
if
99%
say
99%
talk
99%
the
99%
walls
99%
anything
98%
could
98%
they
98%
be
97%
to
97%
wouldn't
97%
these
96%
things
96%
fall
95%
many
95%
and
94%
from
94%
hope
94%
you
94%
don't
93%
Don't
93%
So
93%
so
93%
tell
93%
are
92%
Because
92%
Cause
92%
meant
92%
not
92%
Bridge | Verse 1Some
92%
too
92%
way
92%
word
92%
grace
91%
it
91%
keep
91%
secret
91%
seen
91%
falling
90%
heard
90%
we're
90%
Yeah
90%
just
89%
they've
88%
i'm
87%
Pre-ChorusOh
87%
we'd
87%
get
86%
addicted
85%
all
85%
I'd
85%
sound
85%
when
85%
bodies
84%
but
84%
everything
84%
doors
82%
is
82%
hoping
81%
in
81%
giving
80%
it's
80%
closing
78%
loud
77%
bound
75%
primitive
75%
down
74%
your
74%
let
73%
go
70%
queen
68%
waste
68%
you're
68%
dare
66%
face
65%
love
63%
that
62%
uncrowned
59%
glass
58%
hair
58%

Score Distribution

Percentile by Number Answered

Percent of People with Each Score

Your Score History

You have not taken this quiz